|
|
|
|
| LEADER |
00000cam a2200000 7i4500 |
| 001 |
0000003059 |
| 005 |
20040427.0 |
| 090 |
0 |
0 |
|a RP644.9072
|b RES 1960
|
| 245 |
0 |
0 |
|a RESEARCH programme 1958-1962 :
|b progress report 1959
|
| 260 |
0 |
0 |
|a Kuala Lumpur :
|b Forest Department ,
|c 1960
|
| 300 |
|
|
|a xii, 76 p. ;
|c 34 cm.
|
| 440 |
0 |
0 |
|a Research pamphlet ; no. 26A
|
| 650 |
0 |
0 |
|a Forests and forestry
|x Research
|
| 710 |
1 |
1 |
|a Forest Research Institute Malaysia (FRIM)
|
| 998 |
|
|
|a JPSM
|
| 999 |
|
|
|a 0000005384
|b Monograph
|c Open Shelf
|e Default branch
|
| 999 |
|
|
|a 0000005385
|b Monograph
|c Open Shelf
|e Default branch
|
| 999 |
|
|
|a 0000005386
|b Monograph
|c Open Shelf
|e Default branch
|